Rubber genetics and breeding at Cirad-France country report of activities from 2007 to 2011 (AGAP research unit) (Record no. 67616)
[ view plain ]
| 000 -LEADER | |
|---|---|
| fixed length control field | 02111nam a2200193Ia 4500 |
| 100 ## - MAIN ENTRY--AUTHOR NAME | |
| Personal name | Clement-Demange A |
| 245 #0 - TITLE STATEMENT | |
| Title | Rubber genetics and breeding at Cirad-France country report of activities from 2007 to 2011 (AGAP research unit) |
| 260 ## - PUBLICATION, DISTRIBUTION, ETC. (IMPRINT) | |
| Name of publisher | International Workshop on Rubber Tree Breeding, IRRDB, Brazil, 4-7 April 2011 |
| 520 ## - SUMMARY, ETC. | |
| Summary, etc | In Cirad and the research unit <<AGAP>>, the two groups EGV and BURST work on rubber genetics and molecular physiology respectively. Whereas BURST group is related with the IRRDB biotechnology group. EGV is more closely associated with the IRRDB breeding group. The main rubber research activities of EGV group are the development of molecular genetic markers for application to rubber breeding including clonal identification. genetic diversity analysis, and QTL-mapping. QTL mapping was notably applied to the analysis of genetic determinism of SALB resistance sources in Wickham x Amazonian families (CMB = Cirad-Michelin-Brazil project), and extended to a Wickham x Wickham family for the study of growth, latex production and molar mass distribution of rubber chains in native rubber. In the CMB project, SSH banks were created for the generation of ESTs and candidate gene identification, from which a new series of EST-SSR markers were produced. In Brazil, the CMB project also develops a conventional programme of creation and selection of clones, either productive and tolerant to SALB, or adapted to supoptimal areas. Hevea x Corynespora interactions are studied with view to develop resistance breeding. In partnership with IFC (French Rubber Institute), a collaborative network of Large Scale Clonal Trials (LSCT) was developed for characterising rubber clones, including the IRCA clones issued from a CNRA-Cirad cooperation in Cote dIvoire, thus allowing the up-dating of clonal recommendations in Africa. |
| 650 ## - SUBJECT ADDED ENTRY--TOPICAL TERM | |
| Topical Term | Breeding |
| 650 ## - SUBJECT ADDED ENTRY--TOPICAL TERM | |
| Topical Term | Rubber genetics |
| 700 ## - ADDED ENTRY--PERSONAL NAME | |
| Personal name | Garcia D |
| 700 ## - ADDED ENTRY--PERSONAL NAME | |
| Personal name | Le Guen V |
| 700 ## - ADDED ENTRY--PERSONAL NAME | |
| Personal name | Montoro P |
| 700 ## - ADDED ENTRY--PERSONAL NAME | |
| Personal name | Pujade-Renaud V |
| 700 ## - ADDED ENTRY--PERSONAL NAME | |
| Personal name | Seguin M |
| 942 ## - ADDED ENTRY ELEMENTS (KOHA) | |
| Koha item type | Journals |
| Withdrawn status | Lost status | Damaged status | Not for loan | Home library | Current library | Shelving location | Date acquired | Koha item type |
|---|---|---|---|---|---|---|---|---|
| Journals | RRII Library | RRII Library | Botany | 03/08/2011 | Journals |